Statistics for Countries with a Tropical Savanna Climate

Click here to take the quiz!

General Stats

  • This quiz has been taken 49 times
  • The average score is 57 of 69

Answer Stats

Country% Correct
United States
97%
India
95%
D.R.Congo
92%
Mexico
92%
Republic of the Congo
92%
Australia
90%
Brazil
90%
Thailand
90%
Angola
87%
Cambodia
87%
Chad
87%
Colombia
87%
Ecuador
87%
Guinea
87%
Honduras
87%
Indonesia
87%
Kenya
87%
Mozambique
87%
Peru
87%
Senegal
87%
Costa Rica
85%
El Salvador
85%
Ghana
85%
Laos
85%
Mali
85%
Myanmar
85%
Nigeria
85%
Sierra Leone
85%
Venezuela
85%
Bangladesh
82%
Bolivia
82%
Liberia
82%
Madagascar
82%
Nicaragua
82%
Panama
82%
Paraguay
82%
Suriname
82%
Togo
82%
Vietnam
82%
Zambia
82%
Belize
79%
Benin
79%
Cameroon
79%
Central African Republic
79%
Cuba
79%
Ethiopia
79%
Gabon
79%
Guatemala
79%
Guinea Bissau
79%
Guyana
79%
Ivory Coast
79%
Philippines
79%
South Sudan
79%
Tanzania
79%
Zimbabwe
79%
Burkina Faso
77%
Haiti
77%
Malawi
77%
Papua New Guinea
77%
Rwanda
77%
Sudan
77%
Uganda
77%
Dominican Republic
74%
Sri Lanka
74%
Bahamas
72%
Burundi
72%
Equatorial Guinea
72%
Gambia
72%
East Timor
62%

Score Distribution

Percentile by Number Answered

Percent of People with Each Score

Your Score History

You have not taken this quiz